Statistics for Kirby Gaming Franchise

Click here to take the quiz!

General Stats

  • This quiz has been taken 26 times
  • The average score is 16 of 18

Answer Stats

HintGame% Correct
After King Dedede breaks The Star Rod, which serves as the power source of the Fountain of Dreams, apart and gives the pieces to his minions, Kirby travels across Dream Land to repair the Star Rod.Kirby's Adventure
96%
Kirby helps the fairy Ribbon in retrieving all the Crystal Shards and save Ripple Star, a planet invaded and conquered by Dark Matter.Kirby 64: The Crystal Shards
92%
Villains are stealing Dream Land's food supply and Kirby must play eight different games to save the provisions.Kirby Super Star
92%
Kirby is snoozing on the Popopo Islands when the evil Necrodeus appears and zaps Kirby into 10 weaker Kirby's. Necrodeus easily defeats 9 Kirby's leaving only one weak Kirby who embarks on a epic adventure to pull himself together.Kirby Mass Attack
88%
While on planet popstar Kirby was sleeping and a bunch of robots invade his home and Kirby sets of on a adventure to save his homeKirby: Planet Robobot
88%
The evil King Dedede has stolen all the food from the peaceful Dreamland inhabitants. Kirby must find his way to Castle Dedede and defeat him to save his people.Kirby's Dream Land
88%
Kirby is banished into Patch Land, a world completely made of fabric, and must collect seven pieces of magic yarn that will restore the torn kingdom.Kirby's Epic Yarn
88%
When his precious strawberry shortcake is stolen by a gang of treasure hunters known as The Squeaks, Kirby sets off on an epic quest to retrieve it.Kirby: Squeak Squad
88%
Kirby and the gang set out across the 5 corners of the planet to recover 5 pieces of the ship, Lor Starcutter, along with 120 Energy Spheres that have been scattered across the planet incidentally.Kirby's Return to Dream Land
88%
After shadowy hearts rain down on the galaxy, corrupting the inhabitants of Planet Popstar, including King Dedede, Meta Knight, and Whispy Woods, Kirby sets out to investigate.Kirby Star Allies
88%
Kirby's back with a bunch of fun adventures. Explore Dream Land and defeat King Dedede, tame the ferocious Dynablade, explore a huge cave, take part in a gluttonous race, vandalize Meta Knight's ship, the Halberd, explore the entire galaxy, and more.Kirby Super Star Ultra
88%
When an unforeseen evil threatens the peace in the Mirror World and in Dream Land, Kirby must restore a broken Mirror World as four differently colored "Kirbys" to save the day.Kirby & the Amazing Mirror
88%
After a relaxing day in Dreamland, Kirby discovers that a dream stalk has uplifted his house into the sky. When he climbs towards King Dedede's castle, a strange spiderlike creature rises up and kidnaps him, and ascends into the sky.Kirby: Triple Deluxe
88%
The evil witch Drawcia casts a spell over Dream Land, turning it into a world of paint, and the Magical Paintbrush turns Kirby into a ball. Kirby sets off to find and defeat Drawcia to restore Dream Land to its normal state.Kirby: Canvas Curse
84%
Remake with a graphical update, altered level designs, mini-bosses have been increased in size, and absorbing enemies in order now makes Kirby take their powers.Kirby: Nightmare in Dream Land
84%
The evil Dark Matter has control over King Dedede and plans to turn Dream Land into a dark world. Kirby's goal is to get the fabled rainbow sword and defeat him.Kirby's Dream Land 2
84%
Dark Matter shatters the planet's rings. He then proceeds to possess various Dream-Landers, including King Dedede. Kirby and Gooey then team up with Rick, Coo, and Kine, as well as new characters Pitch, ChuChu, and Nago.Kirby's Dream Land 3
84%
A mysterious hole opens in the sky, draining all the color from Dream Land and stopping everything and everyone in its tracks. Wanting to put a stop to it and restore Planet Popstar's color, Kirby and friends set off to Seventopia.Kirby and the Rainbow Curse
72%

Score Distribution

Percentile by Number Answered

Percent of People with Each Score

Your Score History

You have not taken this quiz